EL FUTURO DE AMERICA LATINA/

-д хадгалсан:
Номзүйн дэлгэрэнгүй
Үндсэн зохиолч: Stavenhagen, Rodolfo (autor)
Бусад зохиолчид: Sotelo, Ignacio (autor) (autor), Saxe-Fernández, John (autor) (autor)
Формат: Ном
Цуврал:FICHAS; 52
Нөхцлүүд:
Шошгууд: Шошго нэмэх
Шошго байхгүй, Энэхүү баримтыг шошголох эхний хүн болох!

MARC

LEADER 00000nam^a2200000^a^4500
001 000224500
005 20250521000000.0
009 20260310104052.088
035 |a 043198 
037 |a Acervo Xavier Clavigero 
082 |a 330. 98  |b STA 
100 |a Stavenhagen, Rodolfo  |e (autor) 
245 1 3 |a EL FUTURO DE AMERICA LATINA/  |c RODOLFO STAVENHAGEN, JOHN SAXE-FERNANDEZ, IGNACIO SOTELO 
264 |a Buenos Aires, Argentina :  |b Nueva Visión,  |c 1975 
300 |a 153p. 
336 |a texto  |b txt  |2 rdacontenido 
337 |a sin mediación  |b n  |2 rdamedio 
338 |a volumen  |b nc  |2 rdasoporte 
440 |a FICHAS;  |v 52 
649 |a XX 
650 |a Iberoamérica -  |x Condiciones Económicas 
700 |a Sotelo, Ignacio  |e (autor) 
700 |a Saxe-Fernández, John  |e (autor) 
910 |a Fondo General 
920 |a Impresos - Libros 
930 |a Colección General 
905 |a 101 
901 |a 043198  |b IT1  |c ACC  |i 043198  |u 20250521 
902 |a https://opac.biblio.iteso.mx/vufind/Record/000224500